000 00716nam a2200253Ia 4500
003 OSt
005 20220918163621.0
006 a|||||r|||| 00| 0
007 ta
008 220917b |||||||| |||| 00| 0 eng d
020 _a0195099621 (hbk)
024 _a172,252
037 _cTextual
040 _aARTS
_cARTS
_beng
041 _2eng
_aeng
082 _aQ2:4591.21.N, PO(SC)
100 _aOrr Leslie C
_914198
245 0 _aDonors,devotees and daugthters of god Leslie C Orr
260 _aNew York
_bOxford University press
_c2000
300 _axii,305p.
_ccm.
490 _aSouth Asia reseach
942 _hQ2:4591.21.N, PO(SC)
_cTEXL
_2CC
999 _c120446
_d120446